[Event "GER Pfingstopen U12"]
[Site "Playchess.com INT"]
[Date "2020.06.02"]
[Round "11"]
[White "Maier, Kalle"]
[Black "Stiehler, Daniel"]
[Result "1-0"]
[WhiteElo "1620"]
[BlackElo "1620"]
[PlyCount "145"]
[EventDate "2020.06.02"]
[EventType "swiss (blitz)"]
[EventRounds "11"]
[EventCountry "GER"]
[SourceTitle "CBM 197 Extra"]
[Source "ChessBase"]
[SourceDate "2020.09.30"]
[SourceVersion "1"]
[SourceVersionDate "2020.09.30"]
[SourceQuality "1"]

1. e4 e5 2. Nf3 Nc6 3. Bc4 Nf6 4. Ng5 d5 5. exd5 b5 6. dxc6 bxc4 7. Nc3 Qd6 8. Nge4 Nxe4 9. Nxe4 Qxc6 10. Nc3 Qxg2 11. Rf1 Bh3 12. Qe2 Bc5 13. d3 cxd3 14. cxd3 Bd6 15. f3 Qxe2+ 16. Nxe2 Bxf1 17. Kxf1 0-0 18. Ng3 Rfd8 19. Nf5 Bc5 20. Be3 Bxe3 21. Nxe3 Rxd3 22. Ke2 Rd6 23. Rc1 Rc8 24. b4 h6 25. Nf5 Rg6 26. Ne7+ Kf8 27. Nxc8 a6 28. Rxc7 Rg2+ 29. Ke3 Rxa2 30. Nd6 Ra3+ 31. Ke4 Ra4 32. Rc8+ Ke7 33. Kxe5 Rxb4 34. Nf5+ Kd7 35. Rc2 Rb5+ 36. Kf4 g6 37. Nd4 Rh5 38. Ra2 Rh4+ 39. Ke3 Kd6 40. Rxa6+ Kd5 41. Nc2 Rxh2 42. Nb4+ Kc5 43. Nd3+ Kd5 44. Nf4+ Ke5 45. Ra5+ Kf6 46. Ke4 Rh4 47. Ke3 g5 48. Nd5+ Ke6 49. Nc3 Kf6 50. Ne4+ Kg6 51. Ra6+ Kg7 52. Nf6 Rf4 53. Nh5+ Kf8 54. Nxf4 gxf4+ 55. Kxf4 Kg7 56. Kg4 f6 57. Kf5 Kf7 58. Rxf6+ Ke7 59. Rxh6 Kd7 60. Kg5 Kc7 61. f4 Kd7 62. f5 Ke7 63. f6+ Kf7 64. Kf5 Kg8 65. f7+ Kf8 66. Rh8+ Kxf7 67. Rh7+ Ke8 68. Ke6 Kd8 69. Rg7 Kc8 70. Kd6 Kb8 71. Kc6 Ka8 72. Kb6 Kb8 73. Rg8# 1-0

[Event "GER Pfingstopen U12"]
[Site "Playchess.com INT"]
[Date "2020.06.02"]
[Round "10"]
[White "Radeke, Timothy"]
[Black "Stiehler, Daniel"]
[Result "1-0"]
[WhiteElo "1494"]
[BlackElo "1620"]
[PlyCount "159"]
[EventDate "2020.06.02"]
[EventType "swiss (blitz)"]
[EventRounds "11"]
[EventCountry "GER"]
[SourceTitle "CBM 197 Extra"]
[Source "ChessBase"]
[SourceDate "2020.09.30"]
[SourceVersion "1"]
[SourceVersionDate "2020.09.30"]
[SourceQuality "1"]

1. d4 Nf6 2. c4 g6 3. Nc3 d5 4. cxd5 Nxd5 5. e4 Nxc3 6. bxc3 Bg7 7. Nf3 0-0 8. Bf4 c5 9. Bc4 Nc6 10. Be5 Nxe5 11. dxe5 Qa5 12. Qb3 a6 13. 0-0 b5 14. Bd5 Rb8 15. Ng5 c4 16. Qc2 Bd7 17. Nxf7 Rxf7 18. e6 Rf6 19. exd7+ Kh8 20. e5 Rff8 21. f3 Bxe5 22. Rac1 b4 23. cxb4 Qxd5 24. Rfd1 Qc6 25. Qd2 Rfd8 26. f4 Bd6 27. Qd4+ Kg8 28. Rxc4 Qxd7 29. Qd5+ e6 30. Qf3 Qa7+ 31. Kh1 a5 32. Rcd4 Qa6 33. bxa5 Bc7 34. Rxd8+ Rxd8 35. Rxd8+ Bxd8 36. h3 Bc7 37. Qc3 Bxa5 38. Qb3 Bc7 39. Kh2 Bxf4+ 40. g3 Qe2+ 41. Kh1 Bxg3 42. Qxg3 Qe4+ 43. Kh2 Qe2+ 44. Qg2 Qxg2+ 45. Kxg2 Kf7 46. a4 Ke7 47. Kf3 Kd7 48. Ke4 Kd6 49. a5 Kc6 50. Ke5 Kb5 51. Kxe6 Kxa5 52. Kf6 Kb5 53. Kg7 h5 54. Kxg6 h4 55. Kg5 Kc5 56. Kxh4 Kd5 57. Kg5 Ke6 58. Kg6 Ke7 59. Kg7 Ke6 60. h4 Kf5 61. h5 Kg5 62. h6 Kh5 63. h7 Kg5 64. h8Q Kf5 65. Qe8 Kf4 66. Kf7 Kf5 67. Ke7 Kf4 68. Kd6 Kf5 69. Qe7 Kf4 70. Qe6 Kf3 71. Qe5 Kf2 72. Qe4 Kg3 73. Qf5 Kg2 74. Qf4 Kg1 75. Qf3 Kh2 76. Qg4 Kh1 77. Ke5 Kh2 78. Ke4 Kh1 79. Kf3 Kh2 80. Qg2# 1-0

[Event "GER Pfingstopen U12"]
[Site "Playchess.com INT"]
[Date "2020.06.02"]
[Round "3"]
[White "Schickram, Paul"]
[Black "Stiehler, Daniel"]
[Result "1-0"]
[WhiteElo "1620"]
[BlackElo "1620"]
[PlyCount "21"]
[EventDate "2020.06.02"]
[EventType "swiss (blitz)"]
[EventRounds "11"]
[EventCountry "GER"]
[SourceTitle "CBM 197 Extra"]
[Source "ChessBase"]
[SourceDate "2020.09.30"]
[SourceVersion "1"]
[SourceVersionDate "2020.09.30"]
[SourceQuality "1"]

1. e4 e5 2. Nf3 Nc6 3. Bb5 a6 4. Ba4 Nf6 5. 0-0 Ng4 6. h3 h5 7. hxg4 hxg4 8. g3 gxf3 9. Qxf3 Bc5 10. Bb3 d6 11. Qxf7# 1-0

[Event "GER Pfingstopen U12"]
[Site "Playchess.com INT"]
[Date "2020.06.02"]
[Round "6"]
[White "Stiehler, Daniel"]
[Black "Haase, Alexander"]
[Result "1-0"]
[WhiteElo "1620"]
[BlackElo "1359"]
[PlyCount "37"]
[EventDate "2020.06.02"]
[EventType "swiss (blitz)"]
[EventRounds "11"]
[EventCountry "GER"]
[SourceTitle "CBM 197 Extra"]
[Source "ChessBase"]
[SourceDate "2020.09.30"]
[SourceVersion "1"]
[SourceVersionDate "2020.09.30"]
[SourceQuality "1"]

1. e4 e5 2. Nf3 Nc6 3. Bc4 Bc5 4. 0-0 Nf6 5. d4 exd4 6. e5 Ng4 7. Bg5 f6 8. exf6 Nxf6 9. Re1+ Ne7 10. c3 dxc3 11. Nxc3 c6 12. Qb3 Rf8 13. Bh4 Qc7 14. Ng5 Kd8 15. Na4 Bb6 16. Nxh7 Nxh7 17. Bxe7+ Ke8 18. Bg5+ Qe5 19. Rxe5# 1-0